| 000 -LEADER |
| fixed length control field |
00317nam a22000977a 4500 |
| 082 ## - DEWEY DECIMAL CLASSIFICATION NUMBER |
| Classification number |
TNC B122x5453 Z11 |
| 100 ## - MAIN ENTRY--PERSONAL NAME |
| Personal name |
Zachariah, K. C. |
| 9 (RLIN) |
20789 |
| 245 ## - TITLE STATEMENT |
| Title |
Dynamics of migration in kerala : |
| Remainder of title |
Dimensions, differentials and consequences |
| Statement of responsibility, etc |
by K. C. Zachariah |
| 260 ## - PUBLICATION, DISTRIBUTION, ETC. (IMPRINT) |
| Place of publication, distribution, etc |
New Delhi |
| Name of publisher, distributor, etc |
Orient longman |
| Date of publication, distribution, etc |
2003 |
| 300 ## - PHYSICAL DESCRIPTION |
| Extent |
476p. |